00637nam a2200181Ia 4500001000900000003000500009008004100014010001100055040000900066100002500075245011900100260007900219300001000298650003900308700000500347700002800352710007500380Para_301CHAP220125s1993 xx 000 0 und d a199056 cCHAP aJasso Argumedo, Juan aEl virus de la tristeza de los citricos :b medidas preventivas /c por Juan Jasso Argumedo y Mario Rocha Peña aMerida, Yuc. :b INIFAP. Centro de Investigaciones Regionales del Sureste a15 p. aCitricos x enfermedades por virus a aI. Rocha Peña, Mario  aII. INIFAP. México. Centro de Investigaciones Regionales del Sureste